2025 NBA Playoff Teams - Sudden Death - Statistics

General Stats
  • This quiz has been taken 946 times
  • The average score is 11 of 16
Answers on the Grid
Answers color-coded by a green-red scale on the quiz's grid according to % correct below.
76ers
Bucks
Bulls
Cavaliers
Celtics
Clippers
Grizzlies
Hawks
Heat
Hornets
Jazz
Kings
Knicks
Lakers
Magic
Mavericks
Nets
Nuggets
Pacers
Pelicans
Pistons
Raptors
Rockets
Spurs
Suns
Thunder
Timberwolves
Trail Blazers
Warriors
Wizards
 
Answer Stats
Answer % Correct
Bucks
85%
Celtics
80%
Cavaliers
79%
Knicks
71%
Thunder
69%
Lakers
68%
Clippers
67%
Nuggets
67%
Timberwolves
66%
Warriors
66%
Pacers
65%
Heat
62%
Grizzlies
61%
Rockets
61%
Pistons
60%
Magic
58%
No matching quizzes found
Score Distribution
Percent of People with Each Score
Percentile by Number Answered
Your Score History
You have not taken this quiz